Les Pinedes de pi roig : manuals de gestió d'hàbitats / autors: Centre de Recerca Ecològica i Aplicacions Forestals (CREAF) ... [et al.] manuals de gestió d'hàbitats / autors:
ISBN:
978-84-9803-436-3
Publicado:
Barcelona :
Diputació de Barcelona. Àrea de Territori i Sostenibilitat, Obra Social 'La Caixa' ,
2011
Descripción Física:
177 p. : il. col., gràf., taules ; 21 cm
Otros Autores:
Centre de Recerca Ecològica i Aplicacions Forestals
MARC
| LEADER | 00000nam a2200000Ia 4500 | ||
|---|---|---|---|
| 001 | 23319 | ||
| 008 | 160829s2011 xx 000 0 cat d | ||
| 020 | |a 978-84-9803-436-3 | ||
| 080 | |a C-3-373 | ||
| 245 | |a Les Pinedes de pi roig : |b manuals de gestió d'hàbitats / autors: |b Centre de Recerca Ecològica i Aplicacions Forestals (CREAF) ... [et al.] | ||
| 260 | |a Barcelona : |b Diputació de Barcelona. Àrea de Territori i Sostenibilitat, Obra Social 'La Caixa', |c 2011 | ||
| 300 | |a 177 p. : |b il. col., gràf., taules ; |c 21 cm | ||
| 590 | |a Bibliografia | ||
| 650 | |a Pi roig |x Catalunya |9 48677 | ||
| 650 | |a Catalunya |x Política forestal |9 45020 | ||
| 700 | |a Centre de Recerca Ecològica i Aplicacions Forestals |9 45875 | ||
| 710 | 1 | |a Fundació la Caixa. |b Obra Social |9 52754 | |
| 710 | 1 | |a Barcelona (Catalunya : Província). |b Àrea de Territori i Sostenibilitat |9 52770 | |
| 901 | |a Arxiu | ||
| 942 | |n 1 | ||
| 952 | |0 0 |1 0 |4 0 |6 C3373 |7 1 |9 54757 |a Arxiu |b Arxiu |d 2011-11-04 |l 0 |o C-3-373 |p 23319 |r 2016-12-01 00:00:00 |w 2016-12-01 |y ARXIU | ||
| 999 | |c 58626 |d 58626 | ||